QQOQCCP géographie (click quiz) - Statistiques

Statistiques générales
  • Ce quiz a été pris 84 fois
  • Le résultat moyen est 7 sur 7
Statistiques - réponses
Hint Réponse % Correct
se trouve la baie d'Along ?
100%
la terre est ronde ? Pourquoi
99%
s'appelle la capitale de l'Eswatini ? Comment
96%
donna son nom à Léningrad ? Qui
96%
de neuf sur le réchauffement climatique ? Quoi
95%
y a t-il de fuseaux horaires ? Combien
92%
fut découvert le Brésil ? Quand
74%
Aucun quiz correspondant
Distribution des résultats
% des personnes avec chaque résultat
Percentile par nombre de réponses
Votre historique - résultats
Vous n’avez pas pris ce quiz